[Event "World Chess Olympiad 2018"]
[Site "Batumi"]
[Date "2018.10.04"]
[Round "10"]
[Board "4"]
[WhiteFideId "19601441"]
[White "Mohamed Abderrahim Taleb Mohamed"]
[BlackFideId "10501673"]
[Black "Sharikhan Shawal"]
[Result "1/2-1/2"]
[LiveChessVersion "1.4.8"]
[BlackElo "1712"]
[WhiteElo "1776"]

1. e4 {[%clk 1:30:57]} e6 {[%clk 1:30:32]} 2. d4 {[%clk 1:31:23]} d5
{[%clk 1:30:57]} 3. Nd2 {[%clk 1:31:49]} Nf6 {[%clk 1:31:00]} 4. Bd3
{[%clk 1:32:16]} c5 {[%clk 1:29:44]} 5. dxc5 {[%clk 1:32:41]} Bxc5
{[%clk 1:29:16]} 6. Qe2 {[%clk 1:33:07]} Nc6 {[%clk 1:28:35]} 7. Ngf3
{[%clk 1:33:02]} O-O {[%clk 1:27:37]} 8. O-O {[%clk 1:32:51]} Nb4
{[%clk 1:24:04]} 9. e5 {[%clk 1:31:56]} Nxd3 {[%clk 1:22:28]} 10. cxd3
{[%clk 1:32:01]} Nd7 {[%clk 1:20:28]} 11. Nb3 {[%clk 1:31:40]} Be7
{[%clk 1:20:06]} 12. Nbd4 {[%clk 1:29:51]} Nb8 {[%clk 1:16:02]} 13. Be3
{[%clk 1:24:36]} Bd7 {[%clk 1:14:34]} 14. Rac1 {[%clk 1:23:14]} a6
{[%clk 1:13:39]} 15. Kh1 {[%clk 1:21:22]} Nc6 {[%clk 1:13:37]} 16. Rg1
{[%clk 1:20:01]} Rc8 {[%clk 1:11:24]} 17. Rcf1 {[%clk 1:18:29]} Qa5
{[%clk 1:04:38]} 18. a3 {[%clk 1:16:37]} Qa4 {[%clk 0:59:59]} 19. Nxc6
{[%clk 1:12:34]} Bxc6 {[%clk 0:59:23]} 20. Nd4 {[%clk 1:12:26]} Bd7
{[%clk 0:59:06]} 21. f4 {[%clk 1:09:18]} Bc5 {[%clk 0:55:43]} 22. Nc2
{[%clk 1:06:52]} Be7 {[%clk 0:53:18]} 23. Nd4 {[%clk 1:07:05]} Bc5
{[%clk 0:52:21]} 24. Nc2 {[%clk 1:07:25]} Bxe3 {[%clk 0:48:06]} 25. Nxe3
{[%clk 1:07:37]} Rc7 {[%clk 0:46:48]} 26. f5 {[%clk 1:05:12]} exf5
{[%clk 0:42:34]} 27. Nxd5 {[%clk 1:04:43]} Rc2 {[%clk 0:41:23]} 28. Qh5
{[%clk 1:04:49]} Qg4 {[%clk 0:38:53]} 29. Qxg4 {[%clk 1:03:18]} fxg4
{[%clk 0:39:12]} 30. b4 {[%clk 0:59:49]} Be6 {[%clk 0:36:51]} 31. Nb6
{[%clk 0:56:57]} Rd8 {[%clk 0:30:06]} 32. Rd1 {[%clk 0:56:15]} h6
{[%clk 0:27:16]} 33. Rgf1 {[%clk 0:52:20]} Rc6 {[%clk 0:26:09]} 34. Nc4
{[%clk 0:48:01]} Bxc4 {[%clk 0:25:58]} 35. dxc4 {[%clk 0:48:20]} Rxd1
{[%clk 0:26:04]} 36. Rxd1 {[%clk 0:48:46]} Rxc4 {[%clk 0:25:54]} 37. Kg1
{[%clk 0:48:39]} Rc7 {[%clk 0:23:48]} 38. Rd3 {[%clk 0:46:40]} Kf8
{[%clk 0:23:11]} 39. Kf2 {[%clk 0:43:53]} Ke7 {[%clk 0:22:44]} 40. Kg3
{[%clk 1:10:27]} Ke6 {[%clk 0:51:41]} 41. Kxg4 {[%clk 1:08:05]} Kxe5
{[%clk 0:49:51]} 42. Kf3 {[%clk 1:05:52]} Ke6 {[%clk 0:46:33]} 43. h3
{[%clk 1:02:26]} f5 {[%clk 0:44:22]} 44. g4 {[%clk 1:00:42]} fxg4+
{[%clk 0:41:52]} 45. Kxg4 {[%clk 1:00:41]} g6 {[%clk 0:38:14]} 46. Rd4
{[%clk 0:56:38]} b5 {[%clk 0:37:25]} 47. Rd3 {[%clk 0:53:08]} Rc4+
{[%clk 0:35:50]} 48. Kg3 {[%clk 0:49:22]} Rc6 {[%clk 0:33:23]} 49. Kf3
{[%clk 0:43:57]} Ke5 {[%clk 0:31:19]} 50. Ke3 {[%clk 0:43:14]} Rc4
{[%clk 0:30:10]} 51. Kf3 {[%clk 0:42:59]} g5 {[%clk 0:27:26]} 52. Kg3
{[%clk 0:39:42]} h5 {[%clk 0:23:53]} 53. Kf3 {[%clk 0:38:25]} Rf4+
{[%clk 0:22:38]} 54. Kg2 {[%clk 0:36:55]} h4 {[%clk 0:17:30]} 55. Rd7
{[%clk 0:35:00]} Rf6 {[%clk 0:17:25]} 56. Re7+ {[%clk 0:32:18]} Kf5
{[%clk 0:16:41]} 57. Re8 {[%clk 0:30:09]} Rc6 {[%clk 0:13:30]} 58. Rf8+
{[%clk 0:29:54]} Kg6 {[%clk 0:13:32]} 59. Rg8+ {[%clk 0:23:15]} Kf6
{[%clk 0:12:50]} 60. Rf8+ {[%clk 0:23:32]} Kg7 {[%clk 0:13:07]} 61. Ra8
{[%clk 0:17:48]} Kf7 {[%clk 0:12:34]} 62. Ra7+ {[%clk 0:14:59]} Kf6
{[%clk 0:12:49]} 63. Ra8 {[%clk 0:15:14]} Rd6 {[%clk 0:13:00]} 64. Rf8+
{[%clk 0:15:14]} Ke7 {[%clk 0:12:37]} 65. Rg8 {[%clk 0:15:26]} Rd2+
{[%clk 0:11:42]} 66. Kg1 {[%clk 0:11:46]} Rd3 {[%clk 0:10:44]} 67. Rxg5
{[%clk 0:11:19]} Rxh3 {[%clk 0:10:57]} 68. Rh5 {[%clk 0:10:22]} Kd7
{[%clk 0:05:31]} 69. Rh6 {[%clk 0:08:55]} Rxa3 {[%clk 0:05:43]} 70. Rxh4
{[%clk 0:09:10]} Ra4 {[%clk 0:04:43]} 71. Kf2 {[%clk 0:09:17]} a5
{[%clk 0:04:41]} 72. Rh7+ {[%clk 0:09:37]} Kc6 {[%clk 0:04:52]} 73. bxa5
{[%clk 0:10:01]} Rxa5 {[%clk 0:04:48]} 74. Ke2 {[%clk 0:10:08]} Ra4
{[%clk 0:04:41]} 75. Kd2 {[%clk 0:09:48]} Rc4 {[%clk 0:05:01]} 76. Rh3
{[%clk 0:09:43]} Kc5 {[%clk 0:05:07]} 77. Rc3 {[%clk 0:09:46]} Kb4
{[%clk 0:05:03]} 78. Rxc4+ {[%clk 0:10:00]} Kxc4 {[%clk 0:04:06]} 79. Kc2
{[%clk 0:10:28]} Kb4 {[%clk 0:03:42]} 80. Kb2 {[%clk 0:10:49]} Kc4
{[%clk 0:03:06]} 81. Kc2 {[%clk 0:11:04]} b4 {[%clk 0:03:13]} 82. Kb2
{[%clk 0:11:25]} b3 {[%clk 0:03:12]} 83. Kb1 {[%clk 0:11:44]} Kc3
{[%clk 0:03:23]} 84. Kc1 {[%clk 0:12:03]} 1/2-1/2

[Event "World Chess Olympiad 2018"]
[Site "Batumi"]
[Date "2018.10.04"]
[Round "10"]
[Board "1"]
[WhiteFideId "1622218"]
[White "Kamara Ansumana"]
[BlackFideId "1018000"]
[Black "Blijstra Wim"]
[Result "1-0"]
[LiveChessVersion "1.4.8"]
[BlackElo "2211"]
[WhiteElo "1910"]

1. e4 {[%clk 1:30:57]} c5 {[%clk 1:30:16]} 2. Nf3 {[%clk 1:31:11]} d6
{[%clk 1:30:37]} 3. d4 {[%clk 1:31:32]} cxd4 {[%clk 1:30:57]} 4. Nxd4
{[%clk 1:31:41]} Nf6 {[%clk 1:31:22]} 5. Nc3 {[%clk 1:32:00]} a6 {[%clk 1:31:44]}
6. Be3 {[%clk 1:32:15]} e5 {[%clk 1:32:00]} 7. Nb3 {[%clk 1:32:32]} Be6
{[%clk 1:32:25]} 8. f3 {[%clk 1:32:46]} h5 {[%clk 1:32:46]} 9. Qd2
{[%clk 1:32:51]} Nbd7 {[%clk 1:33:05]} 10. g3 {[%clk 1:31:31]} Be7
{[%clk 1:30:26]} 11. O-O-O {[%clk 1:31:47]} b5 {[%clk 1:30:43]} 12. h3
{[%clk 1:31:03]} Rc8 {[%clk 1:30:30]} 13. Kb1 {[%clk 1:31:19]} Nb6
{[%clk 1:30:41]} 14. Na5 {[%clk 1:26:32]} Qc7 {[%clk 1:30:11]} 15. Rg1
{[%clk 1:26:09]} Nbd7 {[%clk 1:29:35]} 16. Nb3 {[%clk 1:26:13]} b4
{[%clk 1:28:46]} 17. Nd5 {[%clk 1:25:49]} Bxd5 {[%clk 1:28:14]} 18. exd5
{[%clk 1:26:05]} a5 {[%clk 1:24:50]} 19. Bb5 {[%clk 1:26:10]} g6 {[%clk 1:25:08]}
20. Rge1 {[%clk 1:24:07]} O-O {[%clk 1:21:04]} 21. g4 {[%clk 1:24:20]} Kh7
{[%clk 1:17:09]} 22. Bg5 {[%clk 1:21:28]} Nb6 {[%clk 1:12:15]} 23. Bxf6
{[%clk 1:19:57]} Bxf6 {[%clk 1:12:43]} 24. gxh5 {[%clk 1:20:14]} g5
{[%clk 1:11:08]} 25. h4 {[%clk 1:19:27]} Rg8 {[%clk 1:10:01]} 26. Bd3+
{[%clk 1:19:14]} Kh6 {[%clk 1:09:54]} 27. Qe3 {[%clk 1:18:30]} Rg7
{[%clk 1:08:36]} 28. hxg5+ {[%clk 1:16:28]} Bxg5 {[%clk 1:08:45]} 29. Qe4
{[%clk 1:16:41]} Rf8 {[%clk 1:05:56]} 30. Qf5 {[%clk 1:13:27]} Nxd5
{[%clk 1:05:05]} 31. Be4 {[%clk 1:09:25]} Ne7 {[%clk 1:04:40]} 32. Qh3
{[%clk 1:09:03]} a4 {[%clk 1:04:16]} 33. Nc1 {[%clk 1:07:09]} f5 {[%clk 1:04:25]}
34. Bd5 {[%clk 1:06:27]} a3 {[%clk 1:04:42]} 35. Bb3 {[%clk 1:05:54]} axb2
{[%clk 0:56:42]} 36. Kxb2 {[%clk 1:05:33]} Qc3+ {[%clk 0:55:05]} 37. Kb1
{[%clk 1:05:18]} e4 {[%clk 0:55:25]} 38. Ne2 {[%clk 1:02:30]} Qf6
{[%clk 0:46:22]} 39. fxe4 {[%clk 1:01:36]} f4 {[%clk 0:45:15]} 40. Nd4
{[%clk 1:30:50]} Qe5 {[%clk 1:11:43]} 41. Nf3 {[%clk 1:28:36]} Qf6
{[%clk 1:09:16]} 42. e5 {[%clk 1:25:52]} Qf5 {[%clk 1:08:05]} 43. Rxd6+
{[%clk 1:23:42]} Kh7 {[%clk 1:08:25]} 44. Qxf5+ {[%clk 1:23:03]} Nxf5
{[%clk 1:08:44]} 45. Nxg5+ {[%clk 1:22:45]} Rxg5 {[%clk 1:09:10]} 46. Rd7+
{[%clk 1:22:23]} Kh6 {[%clk 1:09:37]} 47. Bf7 {[%clk 1:21:54]} Ne3
{[%clk 1:09:06]} 48. e6 {[%clk 1:21:35]} Re5 {[%clk 1:09:33]} 49. Rd4
{[%clk 1:19:29]} Kg5 {[%clk 1:09:46]} 50. Rg1+ {[%clk 1:18:49]} Kf5
{[%clk 1:10:04]} 51. h6 {[%clk 1:16:11]} Rh8 {[%clk 1:10:22]} 52. h7
{[%clk 1:16:03]} Ng4 {[%clk 1:10:44]} 53. Rf1 {[%clk 1:15:55]} Re4
{[%clk 1:10:29]} 54. Bg6+ {[%clk 1:14:41]} 1-0

[Event "World Chess Olympiad 2018"]
[Site "Batumi"]
[Date "2018.10.04"]
[Round "10"]
[Board "2"]
[WhiteFideId "7501013"]
[White "Bemmelen van Ursus"]
[BlackFideId "17800048"]
[Black "Winston Gerald Mansfield Thomas"]
[Result "1/2-1/2"]
[LiveChessVersion "1.4.8"]
[BlackElo "1844"]
[WhiteElo "2152"]

1. d4 {[%clk 1:30:58]} c6 {[%clk 1:30:51]} 2. Nf3 {[%clk 1:31:18]} d6
{[%clk 1:31:06]} 3. c4 {[%clk 1:31:37]} Qc7 {[%clk 1:31:22]} 4. Nc3
{[%clk 1:31:42]} Bg4 {[%clk 1:31:38]} 5. e4 {[%clk 1:31:59]} Nd7 {[%clk 1:31:57]}
6. Be2 {[%clk 1:32:00]} e5 {[%clk 1:31:59]} 7. Be3 {[%clk 1:32:13]} Ngf6
{[%clk 1:32:12]} 8. h3 {[%clk 1:32:41]} Bh5 {[%clk 1:32:30]} 9. O-O
{[%clk 1:31:43]} Be7 {[%clk 1:32:48]} 10. Qc2 {[%clk 1:30:15]} O-O
{[%clk 1:33:00]} 11. b4 {[%clk 1:30:02]} Rfc8 {[%clk 1:32:33]} 12. Rab1
{[%clk 1:28:31]} a6 {[%clk 1:30:48]} 13. Rfc1 {[%clk 1:27:19]} Nf8
{[%clk 1:26:31]} 14. g4 {[%clk 1:26:33]} Bg6 {[%clk 1:26:48]} 15. Nh4
{[%clk 1:26:45]} Ne6 {[%clk 1:20:19]} 16. Nxg6 {[%clk 1:24:07]} hxg6
{[%clk 1:20:37]} 17. d5 {[%clk 1:20:51]} Nf4 {[%clk 1:16:46]} 18. Bf1
{[%clk 1:12:56]} Nd7 {[%clk 1:16:05]} 19. Qd2 {[%clk 1:09:32]} g5
{[%clk 1:14:36]} 20. Na4 {[%clk 1:03:42]} Qd8 {[%clk 1:13:30]} 21. c5
{[%clk 1:03:15]} cxd5 {[%clk 1:11:06]} 22. exd5 {[%clk 1:02:48]} Rab8
{[%clk 0:59:34]} 23. c6 {[%clk 1:01:47]} b5 {[%clk 0:57:56]} 24. cxd7
{[%clk 0:53:45]} Rxc1 {[%clk 0:58:10]} 25. Rxc1 {[%clk 0:51:15]} bxa4
{[%clk 0:58:32]} 26. b5 {[%clk 0:48:55]} Qxd7 {[%clk 0:53:48]} 27. bxa6
{[%clk 0:48:50]} Bd8 {[%clk 0:48:06]} 28. a7 {[%clk 0:43:08]} Ra8
{[%clk 0:48:10]} 29. Qb2 {[%clk 0:41:33]} Rxa7 {[%clk 0:31:34]} 30. Bxa7
{[%clk 0:41:43]} Qxa7 {[%clk 0:31:51]} 31. Rc8 {[%clk 0:42:00]} Qa5
{[%clk 0:31:12]} 32. Qb1 {[%clk 0:29:11]} Kf8 {[%clk 0:27:21]} 33. Qb8
{[%clk 0:28:08]} Ke7 {[%clk 0:26:57]} 34. Qb7+ {[%clk 0:28:09]} Ke8
{[%clk 0:20:00]} 35. Ra8 {[%clk 0:21:52]} Qe1 {[%clk 0:17:34]} 36. Qc6+
{[%clk 0:17:01]} Ke7 {[%clk 0:17:45]} 37. Ra7+ {[%clk 0:16:49]} Kf8
{[%clk 0:16:06]} 38. Qxd6+ {[%clk 0:00:47]} Kg8 {[%clk 0:16:21]} 39. Qxd8+
{[%clk 0:01:08]} Kh7 {[%clk 0:16:39]} 40. Qb6 {[%clk 0:31:14]} Ne2+
{[%clk 0:38:19]} 41. Kg2 {[%clk 0:29:34]} Nf4+ {[%clk 0:38:24]} 42. Kg1
{[%clk 0:24:22]} Ne2+ {[%clk 0:38:36]} 43. Kg2 {[%clk 0:23:28]} Nf4+
{[%clk 0:38:57]} 44. Kg1 {[%clk 0:22:47]} Ne2+ {[%clk 0:38:59]} 45. Kg2
{[%clk 0:23:14]} Nf4+ {[%clk 0:38:55]} 46. Kg1 {[%clk 0:23:10]} 1/2-1/2

[Event "World Chess Olympiad 2018"]
[Site "Batumi"]
[Date "2018.10.04"]
[Round "10"]
[Board "3"]
[WhiteFideId "10001034"]
[White "Lwebuga Ronald"]
[BlackFideId "7501005"]
[Black "Capella Rurik"]
[Result "1/2-1/2"]
[LiveChessVersion "1.4.8"]
[BlackElo "1979"]
[WhiteElo "1819"]

1. c4 {[%clk 1:30:52]} e5 {[%clk 1:29:40]} 2. g3 {[%clk 1:31:01]} c6
{[%clk 1:29:53]} 3. Nc3 {[%clk 1:31:21]} f5 {[%clk 1:30:09]} 4. Bg2
{[%clk 1:31:29]} Nf6 {[%clk 1:30:22]} 5. e3 {[%clk 1:31:42]} Be7 {[%clk 1:25:07]}
6. b3 {[%clk 1:32:06]} O-O {[%clk 1:25:23]} 7. Nge2 {[%clk 1:32:23]} d5
{[%clk 1:25:37]} 8. cxd5 {[%clk 1:31:42]} cxd5 {[%clk 1:23:43]} 9. d4
{[%clk 1:31:54]} e4 {[%clk 1:19:48]} 10. h4 {[%clk 1:31:09]} Nc6 {[%clk 1:15:58]}
11. a3 {[%clk 1:29:56]} Rb8 {[%clk 1:05:51]} 12. Bd2 {[%clk 1:29:39]} b5
{[%clk 1:05:56]} 13. Nf4 {[%clk 1:27:55]} Bxa3 {[%clk 0:52:19]} 14. Ncxd5
{[%clk 1:17:16]} Nxd5 {[%clk 0:52:11]} 15. Nxd5 {[%clk 1:17:42]} Qxd5
{[%clk 0:49:48]} 16. Rxa3 {[%clk 1:18:09]} b4 {[%clk 0:48:28]} 17. Bf1
{[%clk 1:14:27]} bxa3 {[%clk 0:37:03]} 18. Bc4 {[%clk 1:14:43]} Qxc4
{[%clk 0:37:09]} 19. bxc4 {[%clk 1:14:57]} a2 {[%clk 0:37:28]} 20. O-O
{[%clk 0:55:23]} Rb1 {[%clk 0:34:11]} 21. Qa4 {[%clk 0:54:29]} a1=Q
{[%clk 0:32:37]} 22. Qxa1 {[%clk 0:54:34]} Rxa1 {[%clk 0:32:58]} 23. Rxa1
{[%clk 0:55:01]} Rd8 {[%clk 0:26:19]} 24. Bc3 {[%clk 0:54:09]} a6
{[%clk 0:23:24]} 25. d5 {[%clk 0:52:07]} Ne7 {[%clk 0:21:02]} 26. Ba5
{[%clk 0:50:24]} Rd7 {[%clk 0:20:05]} 27. Rb1 {[%clk 0:48:29]} Kf7
{[%clk 0:16:43]} 28. Kg2 {[%clk 0:41:28]} Bb7 {[%clk 0:13:51]} 29. Kh3
{[%clk 0:39:44]} h5 {[%clk 0:13:44]} 30. Kg2 {[%clk 0:39:42]} Nxd5
{[%clk 0:10:03]} 31. cxd5 {[%clk 0:39:46]} Bxd5 {[%clk 0:10:31]} 32. Rb6
{[%clk 0:38:11]} Bc4 {[%clk 0:09:54]} 33. Bc3 {[%clk 0:37:48]} Be2
{[%clk 0:07:20]} 34. Bd4 {[%clk 0:36:18]} Rc7 {[%clk 0:07:04]} 35. Rb2
{[%clk 0:21:51]} Bf3+ {[%clk 0:04:57]} 36. Kh2 {[%clk 0:21:41]} Bd1
{[%clk 0:03:07]} 37. Kg2 {[%clk 0:21:16]} Bf3+ {[%clk 0:03:21]} 38. Kh2
{[%clk 0:21:42]} Bd1 {[%clk 0:02:10]} 39. Kg2 {[%clk 0:22:09]} Ba4
{[%clk 0:02:11]} 40. Rb6 {[%clk 0:51:49]} Bb5 {[%clk 0:32:14]} 41. Bb2
{[%clk 0:49:55]} Be2 {[%clk 0:29:07]} 42. Bd4 {[%clk 0:48:42]} a5
{[%clk 0:28:31]} 43. Rb2 {[%clk 0:47:34]} Bc4 {[%clk 0:28:47]} 44. f3
{[%clk 0:46:54]} a4 {[%clk 0:28:15]} 45. fxe4 {[%clk 0:45:18]} fxe4
{[%clk 0:28:44]} 46. Rb4 {[%clk 0:43:48]} Bb3 {[%clk 0:28:40]} 47. g4
{[%clk 0:42:11]} hxg4 {[%clk 0:27:15]} 48. Kg3 {[%clk 0:42:39]} Bd1
{[%clk 0:23:47]} 49. Rb1 {[%clk 0:40:17]} Bc2 {[%clk 0:22:21]} 50. Rb5
{[%clk 0:39:52]} Bd1 {[%clk 0:21:50]} 51. Ra5 {[%clk 0:39:58]} Rd7
{[%clk 0:17:56]} 52. Kf4 {[%clk 0:32:34]} 1/2-1/2

[Event "Wolrd Chess Olympiad 2018"]
[Site "Batumi"]
[Date "2018.10.04"]
[Round "10"]
[Board "3"]
[WhiteFideId "31000118"]
[White "Orio Rogelio L."]
[BlackFideId "12100986"]
[Black "Ghanem Al Shamari"]
[Result "0-1"]
[LiveChessVersion "1.4.8"]
[BlackElo "1840"]
[WhiteElo "1793"]

1. d4 {[%clk 1:30:46]} d5 {[%clk 1:30:43]} 2. Bf4 {[%clk 1:31:08]} Nf6
{[%clk 1:30:48]} 3. e3 {[%clk 1:31:31]} e6 {[%clk 1:31:04]} 4. c3
{[%clk 1:31:42]} Bd6 {[%clk 1:31:22]} 5. Bg3 {[%clk 1:31:52]} Ne4
{[%clk 1:31:23]} 6. Nf3 {[%clk 1:30:41]} Nxg3 {[%clk 1:30:25]} 7. hxg3
{[%clk 1:30:52]} c5 {[%clk 1:29:38]} 8. Bd3 {[%clk 1:31:05]} h6 {[%clk 1:29:53]}
9. Nbd2 {[%clk 1:31:07]} Nd7 {[%clk 1:29:15]} 10. Qe2 {[%clk 1:30:33]} a6
{[%clk 1:22:44]} 11. g4 {[%clk 1:30:44]} Be7 {[%clk 1:22:28]} 12. Ne5
{[%clk 1:28:04]} Nxe5 {[%clk 1:20:26]} 13. dxe5 {[%clk 1:25:30]} c4
{[%clk 1:17:15]} 14. Bc2 {[%clk 1:25:47]} b5 {[%clk 1:17:37]} 15. a3
{[%clk 1:25:24]} a5 {[%clk 1:16:58]} 16. f4 {[%clk 1:25:30]} Bh4+
{[%clk 1:17:12]} 17. Kd1 {[%clk 1:25:16]} Bd7 {[%clk 1:15:20]} 18. g5
{[%clk 1:25:36]} Rg8 {[%clk 1:13:11]} 19. Rxh4 {[%clk 1:25:32]} hxg5
{[%clk 1:13:32]} 20. fxg5 {[%clk 1:25:32]} Qxg5 {[%clk 1:13:50]} 21. Nf3
{[%clk 1:25:49]} Qe7 {[%clk 1:13:40]} 22. Rh7 {[%clk 1:25:43]} O-O-O
{[%clk 1:13:28]} 23. Kd2 {[%clk 1:25:22]} Kb7 {[%clk 1:13:01]} 24. Nd4
{[%clk 1:25:04]} b4 {[%clk 1:12:52]} 25. axb4 {[%clk 1:24:09]} axb4
{[%clk 1:13:13]} 26. g3 {[%clk 1:22:43]} Qg5 {[%clk 1:13:01]} 27. Nf3
{[%clk 1:20:12]} Qe7 {[%clk 1:13:05]} 28. e4 {[%clk 1:20:09]} Bc6
{[%clk 1:10:09]} 29. Ke1 {[%clk 1:18:19]} Rh8 {[%clk 1:09:33]} 30. Qe3
{[%clk 1:16:25]} d4 {[%clk 1:06:56]} 31. Qg5 {[%clk 1:13:01]} Qxg5
{[%clk 1:05:21]} 32. Nxg5 {[%clk 1:13:25]} Rxh7 {[%clk 1:05:26]} 33. Nxh7
{[%clk 1:13:45]} Rh8 {[%clk 1:05:49]} 34. cxd4 {[%clk 1:03:20]} Rxh7
{[%clk 1:00:50]} 35. Rd1 {[%clk 1:03:43]} Rh1+ {[%clk 0:59:49]} 36. Kd2
{[%clk 1:04:06]} Rh2+ {[%clk 0:56:25]} 37. Kc1 {[%clk 1:04:08]} Rxc2+
{[%clk 0:55:31]} 38. Kxc2 {[%clk 1:04:18]} Ba4+ {[%clk 0:55:57]} 39. Kc1
{[%clk 1:03:59]} Bxd1 {[%clk 0:56:20]} 40. Kxd1 {[%clk 1:34:28]} f6
{[%clk 1:26:05]} 41. exf6 gxf6 {[%clk 1:26:26]} 42. g4 {[%clk 1:34:36]} Kc6
{[%clk 1:26:29]} 43. Kd2 {[%clk 1:33:38]} Kd6 {[%clk 1:26:10]} 44. Kc2
{[%clk 1:29:38]} Kd7 {[%clk 1:25:46]} 45. Kd2 {[%clk 1:29:35]} Ke7
{[%clk 1:26:03]} 46. Kc2 {[%clk 1:29:31]} f5 {[%clk 1:24:41]} 47. gxf5
{[%clk 1:19:55]} exf5 {[%clk 1:25:06]} 48. exf5 {[%clk 1:20:11]} Kf6
{[%clk 1:25:32]} 49. Kd2 {[%clk 1:19:00]} Kxf5 {[%clk 1:25:56]} 50. Ke3
{[%clk 1:19:21]} Ke6 {[%clk 1:25:31]} 51. Ke4 {[%clk 1:19:35]} Kd6
{[%clk 1:22:01]} 52. d5 {[%clk 1:10:06]} Kc5 {[%clk 1:21:38]} 53. d6
{[%clk 1:09:53]} Kxd6 {[%clk 1:21:55]} 54. Kd4 {[%clk 1:10:18]} c3
{[%clk 1:22:11]} 55. bxc3 {[%clk 1:10:21]} b3 {[%clk 1:21:53]} 56. Kd3
{[%clk 1:10:34]} Kc5 {[%clk 1:21:59]} 57. c4 {[%clk 1:10:36]} Kb4
{[%clk 1:21:30]} 58. c5 {[%clk 1:10:50]} Ka3 {[%clk 1:21:01]} 59. c6
{[%clk 0:48:40]} b2 {[%clk 1:21:14]} 60. Kd4 {[%clk 0:48:30]} b1=Q
{[%clk 1:21:04]} 61. Kd5 {[%clk 0:47:11]} Qd3+ {[%clk 1:21:17]} 62. Kc5
{[%clk 0:47:25]} Qd8 {[%clk 1:20:50]} 63. Kb5 {[%clk 0:47:16]} Qc7
{[%clk 1:21:01]} 64. Kc5 {[%clk 0:42:16]} Ka4 {[%clk 1:21:17]} 65. Kd5
{[%clk 0:42:04]} Kb5 {[%clk 1:21:28]} 0-1

[Event "Wolrd Chess Olympiad 2018"]
[Site "Batumi"]
[Date "2018.10.04"]
[Round "10"]
[Board "1"]
[WhiteFideId "20700245"]
[White "Hlophe Smilo"]
[BlackFideId "16100360"]
[Black "Islam Sh.Nour Kassim"]
[Result "0-1"]
[LiveChessVersion "1.4.8"]
[BlackElo "1995"]
[WhiteElo "1608"]

1. Nf3 {[%clk 1:30:56]} d5 {[%clk 1:29:09]} 2. c4 {[%clk 1:31:16]} e6
{[%clk 1:29:34]} 3. g3 {[%clk 1:31:41]} Nf6 {[%clk 1:29:57]} 4. Bg2
{[%clk 1:32:10]} Be7 {[%clk 1:30:08]} 5. d4 {[%clk 1:32:38]} O-O {[%clk 1:30:10]}
6. Nc3 {[%clk 1:33:04]} c5 {[%clk 1:30:12]} 7. Bg5 {[%clk 1:31:50]} Nc6
{[%clk 1:30:01]} 8. cxd5 {[%clk 1:32:10]} exd5 {[%clk 1:30:13]} 9. e3
{[%clk 1:31:24]} Re8 {[%clk 1:30:27]} 10. O-O {[%clk 1:31:38]} c4
{[%clk 1:28:39]} 11. b3 {[%clk 1:31:32]} Bf5 {[%clk 1:27:28]} 12. Ne1
{[%clk 1:31:08]} cxb3 {[%clk 1:24:58]} 13. Qxb3 {[%clk 1:30:51]} Na5
{[%clk 1:24:57]} 14. Qb5 {[%clk 1:24:52]} a6 {[%clk 1:24:16]} 15. Qe2
{[%clk 1:25:21]} Rc8 {[%clk 1:22:54]} 16. Rc1 {[%clk 1:21:24]} Ba3
{[%clk 1:22:33]} 17. Bxf6 {[%clk 1:21:19]} gxf6 {[%clk 1:22:36]} 18. Nd3
{[%clk 1:20:03]} Bxc1 {[%clk 1:22:40]} 19. Rxc1 {[%clk 1:20:32]} Nc6
{[%clk 1:13:12]} 20. Qd2 {[%clk 1:18:17]} Bxd3 {[%clk 1:10:49]} 21. Qxd3
{[%clk 1:18:45]} Ne7 {[%clk 1:11:03]} 22. Rb1 {[%clk 1:19:04]} Qa5
{[%clk 1:10:18]} 23. Ne2 {[%clk 1:18:47]} Rc7 {[%clk 1:09:31]} 24. Nf4
{[%clk 1:18:54]} Rec8 {[%clk 1:08:29]} 25. Rf1 {[%clk 1:15:16]} Qxa2
{[%clk 1:02:03]} 26. Qd1 {[%clk 1:09:34]} Rd8 {[%clk 0:47:05]} 27. Qh5
{[%clk 1:08:23]} Rcd7 {[%clk 0:40:23]} 28. Bh3 {[%clk 1:04:27]} Rd6
{[%clk 0:39:00]} 29. Qh6 {[%clk 1:02:13]} Qc2 {[%clk 0:37:00]} 30. f3
{[%clk 0:59:57]} Nf5 {[%clk 0:34:05]} 31. Bxf5 {[%clk 0:57:14]} Qxf5
{[%clk 0:34:25]} 32. h4 {[%clk 0:57:37]} Kh8 {[%clk 0:28:43]} 33. g4
{[%clk 0:57:24]} Rg8 {[%clk 0:28:50]} 34. Kh1 {[%clk 0:55:15]} Qc2
{[%clk 0:24:53]} 35. Qh5 Rg7 {[%clk 0:21:55]} 36. e4 {[%clk 0:46:48]} Rb6
{[%clk 0:19:34]} 37. Qxd5 {[%clk 0:46:32]} Qc6 {[%clk 0:14:29]} 38. Qd8+
{[%clk 0:44:27]} Rg8 {[%clk 0:14:48]} 39. Qe7 {[%clk 0:44:51]} Qd6
{[%clk 0:14:23]} 40. Qxd6 {[%clk 1:13:48]} Rxd6 {[%clk 0:44:45]} 41. d5
{[%clk 1:14:04]} b5 {[%clk 0:44:02]} 42. Nd3 {[%clk 1:14:07]} Rc8
{[%clk 0:43:15]} 43. Kg2 {[%clk 1:13:31]} Rc2+ {[%clk 0:43:25]} 44. Kg3
{[%clk 1:13:41]} a5 {[%clk 0:42:41]} 45. Rb1 {[%clk 1:11:48]} b4 {[%clk 0:42:25]}
46. Nxb4 {[%clk 1:12:12]} axb4 {[%clk 0:42:47]} 47. Rxb4 {[%clk 1:12:41]} Rc3
{[%clk 0:42:52]} 48. h5 {[%clk 1:13:06]} h6 {[%clk 0:42:54]} 49. Rb1
{[%clk 1:12:11]} Ra6 {[%clk 0:43:01]} 50. Kf4 {[%clk 1:08:53]} Raa3
{[%clk 0:41:08]} 51. Rf1 {[%clk 1:08:46]} Kg7 {[%clk 0:41:31]} 52. Rf2
{[%clk 1:08:44]} Kf8 {[%clk 0:41:46]} 53. Kg3 {[%clk 1:00:34]} Re3
{[%clk 0:41:43]} 54. Kf4 {[%clk 1:00:27]} Ke7 {[%clk 0:41:52]} 55. Rf1
{[%clk 1:00:49]} Kd6 {[%clk 0:42:04]} 56. Rf2 {[%clk 1:01:18]} Kc5
{[%clk 0:42:04]} 57. Rf1 {[%clk 1:01:46]} Kc4 {[%clk 0:41:56]} 58. Rf2
{[%clk 1:02:08]} Kd4 {[%clk 0:41:28]} 59. Rd2+ {[%clk 0:55:51]} Red3
{[%clk 0:40:08]} 60. Rf2 {[%clk 0:55:59]} Kc3 {[%clk 0:40:17]} 61. Rh2
{[%clk 0:55:00]} Kd4 {[%clk 0:39:38]} 62. Rf2 {[%clk 0:55:19]} Ra1
{[%clk 0:39:42]} 63. Kf5 {[%clk 0:55:01]} Ke3 {[%clk 0:39:05]} 64. Rc2
{[%clk 0:50:33]} Ra6 {[%clk 0:37:14]} 65. Rc7 {[%clk 0:50:24]} Kxf3
{[%clk 0:37:11]} 66. Rxf7 {[%clk 0:50:34]} Kg3 {[%clk 0:35:36]} 67. Kg6
{[%clk 0:50:22]} Rf3 {[%clk 0:34:39]} 68. e5 {[%clk 0:47:48]} fxe5+
{[%clk 0:34:55]} 0-1

[Event "Wolrd Chess Olympiad 2018"]
[Site "Batumi"]
[Date "2018.10.04"]
[Round "10"]
[Board "2"]
[WhiteFideId "16100352"]
[White "Mohamud Hussein Ali"]
[BlackFideId "20700113"]
[Black "Mbongeni Mabuza"]
[Result "1-0"]
[LiveChessVersion "1.4.8"]
[BlackElo "1560"]
[WhiteElo "1694"]

1. e4 {[%clk 1:30:52]} e5 {[%clk 1:29:56]} 2. Nf3 {[%clk 1:31:14]} Nc6
{[%clk 1:30:20]} 3. Bc4 {[%clk 1:31:30]} d6 {[%clk 1:30:30]} 4. c3
{[%clk 1:31:24]} Na5 {[%clk 1:28:13]} 5. Be2 {[%clk 1:24:41]} Bd7
{[%clk 1:27:14]} 6. d4 {[%clk 1:24:48]} exd4 {[%clk 1:27:29]} 7. cxd4
{[%clk 1:25:06]} Be7 {[%clk 1:23:33]} 8. Nc3 {[%clk 1:23:48]} Nc6
{[%clk 1:21:55]} 9. O-O {[%clk 1:20:54]} g6 {[%clk 1:18:24]} 10. h3
{[%clk 1:19:22]} Nf6 {[%clk 1:18:34]} 11. Bh6 {[%clk 1:18:49]} Bf8
{[%clk 1:18:34]} 12. Bg5 {[%clk 1:16:10]} Be7 {[%clk 1:18:50]} 13. e5
{[%clk 1:15:09]} Nh5 {[%clk 1:17:55]} 14. Bh6 {[%clk 1:15:08]} Bf8
{[%clk 1:13:34]} 15. Qd2 {[%clk 1:14:52]} Ng7 {[%clk 1:12:40]} 16. exd6
{[%clk 1:14:54]} Nf5 {[%clk 1:12:21]} 17. dxc7 {[%clk 1:14:26]} Qxc7
{[%clk 1:12:32]} 18. Bf4 {[%clk 1:13:54]} Qa5 {[%clk 1:07:52]} 19. d5
{[%clk 1:11:50]} Nd8 {[%clk 1:01:39]} 20. g4 {[%clk 1:07:02]} Ne7
{[%clk 1:00:06]} 21. Nb5 {[%clk 1:03:39]} Qxb5 {[%clk 0:56:51]} 22. Bxb5
{[%clk 1:03:56]} Bxb5 {[%clk 0:57:14]} 23. Rfe1 1-0